| 000 | 01270cab a2200361 4500 | ||
|---|---|---|---|
| 001 | WB3233-33 | ||
| 008 | 090401t1996 xxu||||| |||| 00| 0 eng d | ||
| 035 | _a(Sirsi) u6149 | ||
| 041 | _aeng | ||
| 245 | _aTeleworking - has its time come? | ||
| 260 | _c1996 | ||
| 350 | _a0 | ||
| 490 |
_aEuropean _v29 August 1996, 21 |
||
| 490 |
_aEstates Gazette _v(9635) 31 August 1996, 28 |
||
| 490 |
_aTimes _v5 September 1996, 28(4) |
||
| 520 | _aViews of the future of teleworking. Research shows that it has not grown as much as predicted ten years ago. More research shows that new working practices, including teleworking, will lead to a fall in demand for commercial property in the next five years. Use of teleworking by six local authorities is described. | ||
| 650 | _aFORECASTS | ||
| 650 | _aHOTDESKING | ||
| 650 | _aLOCAL COUNCILS | ||
| 650 | _aNELSON BAKEWELL | ||
| 650 | _aOFFICE DEMAND | ||
| 650 | _aOFFICE SPACE | ||
| 650 | _aOFFICES | ||
| 650 | _aPREDICTIONS | ||
| 650 | _aTELEWORKING | ||
| 650 | _aWORKING HABITS | ||
| 650 | _aWORKING PATTERNS | ||
| 650 | _aWORKING PRACTICES | ||
| 690 | _aPROPERTY-COMMERCIAL PROPERTY-COMMERCIAL PROPERTY MARKET | ||
| 690 | _aOFFICE SERVICES AND ADMINISTRATION | ||
| 942 | _n0 | ||
| 948 | _c04/03/1997 | ||
| 999 |
_c3694 _d3694 |
||